Cehenneme övgü (Record no. 415)
[ view plain ]
| 000 -BAŞLIK | |
|---|---|
| Sabit Uzunlukta Kontrol Alanı | 00981na a2200301 4500 |
| 001 - KONTROL NUMARASI | |
| Denetim Alanı | 15975 |
| 003 - KONTROL NUMARASI IDENTIFIER | |
| Denetim Alanı | MIRAKIL |
| 005 - SON İŞLEM TARİHİ VE ZAMANI | |
| Denetim Alanı | 20181213154748.0 |
| 008 - SABİT-BOY VERİ ELEMANLARI - GENEL BİLGİLER | |
| Sabit Uzunlukta Kontrol Alanı | 161001b tu 000 0 |
| 020 ## - ULUSLARARASI STANDART KİTAP NUMARASI | |
| Uluslararası Standart Kitap Numarası | 9755390103 |
| 040 ## - KATALOGLAMA KAYNAK | |
| Orijinal Kataloglama Ajansı | Milas |
| Kataloglama Dili | tur |
| Metne Dönüştürmek Ajansı | TR-AnCHP |
| 082 ## - DEWEY ONLU SINIFLANDIRMA NUMARASI | |
| Sınıflandırma Numarası | 302 |
| Ürün Numarası | V27c 1995 |
| 090 ## - SINIFLAMA NUMARASI | |
| Sınıflama Numarası | 302 V27c 1995 |
| 100 ## - ANA GİRİŞ - KİŞİSEL İSİM | |
| Kişisel Ad | Vassaf, Gündüz |
| 245 ## - BAŞLIK TABLOSU | |
| Başlık | Cehenneme övgü |
| Başlığın Kalan | Gündelik hayatta totalitarizm |
| Sorumluluk Tablosu, Vb | Gündüz Vassaf ; ingilizceden çevirenler: Ömer Madra; Zehra Gencosman |
| 246 ## - UNVAN FORM VARYING | |
| Başlık Doğru / Kısa Başlığı | Gündelik hayatta totalitarizm |
| 250 ## - EDITION TABLOSU | |
| Baskı Beyanı | 4.bs. |
| 260 ## - YAYIN, DAĞITIM, VB | |
| Yayın, Dağıtım, Vb Yeri | İstanbul |
| Yayıncı, Dağıtıcı, Vs Adı | Ayrıntı yayınları |
| Yayın, Dağıtım, Vb Tarihi | 1995 |
| 300 ## - FİZİKSEL TANIM | |
| Kapsam | 244 s. |
| Diğer Fiziksel Ayrıntıları | resim var. |
| Boyutlar | 19 sm. |
| 440 ## - SERİSİ TABLOSU / KATMA GİRİŞİ - BAŞLIK | |
| Başlık | Ayrıntı |
| Bir İşin Parçası / Bölüm Sayısı | 47 |
| 490 ## - SERİSİ TABLOSU | |
| Seri Beyanı | İnceleme |
| Hacim / Ardışık Tanımı | 25 |
| 500 ## - GENEL NOT | |
| Genel Not | Özgün eser adı: Prisoners of ourselves essays on the psycology of totalitarism in everyday life |
| 650 ## - KONU KATMA GİRİŞ - TOPİKAL DÖNEM | |
| Topikal Süreli Veya Coğrafi Ad Giriş Elemanı | Totalitarizm |
| Genel Alt Bölümü | Sosyal yönler |
| 650 ## - KONU KATMA GİRİŞ - TOPİKAL DÖNEM | |
| Topikal Süreli Veya Coğrafi Ad Giriş Elemanı | Sosyal psikoloji |
| 650 ## - KONU KATMA GİRİŞ - TOPİKAL DÖNEM | |
| Topikal Süreli Veya Coğrafi Ad Giriş Elemanı | Özgürlük |
| Genel Alt Bölümü | Felsefe |
| 650 ## - KONU KATMA GİRİŞ - TOPİKAL DÖNEM | |
| Topikal Süreli Veya Coğrafi Ad Giriş Elemanı | Totaliler etik |
| 942 ## - EKLENDİ GİRİŞ ELEMANLARI (KOHA) | |
| Sınıflandırma Veya Raf Düzeni Kaynak | Dewey Decimal Classification |
| Koha Öğesi Türü | Books |
| 999 ## - SİSTEM KONTROL NUMARALARI (KOHA) | |
| Koha Biblionumber | 415 |
| Koha Biblioitemnumber | 415 |
| Kalıcı Konum | Mevcut Konum | Edinme Tarihi | Edinim Kaynak | Toplam Check-Out'Lar | Tam Çağrı Numarası | Barkod | Tarih Son Görülme | İtibaren Geçerli Fiyatlar | Koha Öğesi Türü |
|---|---|---|---|---|---|---|---|---|---|
| CHP Kütüphanesi | CHP Kütüphanesi | 09/28/2016 | Bağış | 302 V27c 1995 | 004267 | 09/28/2016 | 09/28/2016 | Books |
